| 000 | 01154cam a22002655a 4500 | ||
|---|---|---|---|
| 001 | E153099 | ||
| 008 | 110607s2011 xxk f 000 0 eng d | ||
| 020 | _a9781842196410 | ||
| 035 | _a(Sirsi) u153099 | ||
| 041 | 0 | _aeng | |
| 050 | 0 | 4 | _a650.14 $2 18 |
| 100 | 1 | _aParnham, Phil | |
| 245 | 0 | 0 |
_aRICS survey writer _bsample phrases for the RICS condition report |
| 260 |
_aCoventry _bRICS _c2011 |
||
| 300 |
_ax, 62p. _bspiral bound _c30cm. |
||
| 505 | 2 | _aIntroduction -- Section B, about the inspection -- Section D, about the property -- Section E, outside the property -- Section F, inside of the property -- Section G, services -- Section H, grounds (including shared areas for flats) -- Section I, issues for your legal advisors -- Section J, risks -- Sample report | |
| 520 | _aProvides sample phrases designed to support surveyors who deliver the RICS Condition report. The text can be edited as necessary to produce individual reports. | ||
| 521 | _aAdvanced | ||
| 590 | _aKA | ||
| 650 | 2 | 4 | _aRICS CONDITION REPORT |
| 651 | 4 |
_aUnited Kingdom _y |
|
| 690 |
_aBuilding surveying _96225 |
||
| 700 | 1 |
_aRussen, Larry _eEditor |
|
| 942 | _n0 | ||
| 999 |
_c112376 _d112376 |
||